[Event "TCh-CZE Extraliga 2003-4"]
[Site "Czech Rep CZE"]
[Date "2003.11.09"]
[Round "2"]
[White "Vokac,M"]
[Black "Klima,L"]
[Result "1-0"]
[WhiteElo "2462"]
[BlackElo "2423"]

1.d4 Nf6 2.c4 e6 3.Nf3 c5 4.d5 exd5 5.cxd5 d6 6.Nc3 g6 7.e4 a6 8.a4 Bg4 9.Be2 Nbd7
10.O-O Bg7 11.Bf4 Bxf3 12.Bxf3 Qb8 13.Be2 O-O 14.Qc2 Qc7 15.h3 Rfe8 16.Bh2 c4
17.Rfe1 Rab8 18.a5 Rbc8 19.Ra4 Ne5 20.Bxe5 dxe5 21.Rea1 Qd6 22.Nd1 c3 23.bxc3 Rc7
24.Ne3 Nd7 25.Nc4 Qf6 26.Rd1 Bf8 27.d6 Rc6 28.Rb4 Nc5 29.Rd5 Rd8 30.Nxe5 Rcxd6
31.Ng4 Qg7 32.Rxd6 Bxd6 33.Rd4 Ne6 34.Rd1 h5 35.Ne3 Qe5 36.g3 Qxa5 37.Bc4 Qe5
38.Bd5 Bc5 39.Rd3 Rd7 40.Kg2 h4 41.Ng4 Qg7 42.Bxe6 Rxd3 43.Bxf7+ Kxf7 44.Qxd3 Ke8
45.e5 Be7 46.Qe4 hxg3 47.Qxb7 gxf2 48.Qc8+  1-0

[Event "Ralston IM"]
[Site "San Francisco USA"]
[Date "2003.11.09"]
[Round "11"]
[White "Zilberstein,Dm"]
[Black "Ishkhamov,T"]
[Result "1-0"]
[WhiteElo "2355"]
[BlackElo "2265"]

1.d4 Nf6 2.c4 c5 3.d5 e6 4.Nc3 exd5 5.cxd5 d6 6.Nf3 g6 7.Nd2 Bg7 8.e4 O-O
9.Be2 Na6 10.O-O Nc7 11.a4 Re8 12.f3 b6 13.Kh1 Rb8 14.Nc4 Ba6 15.Bg5 Qd7
16.Re1 h6 17.Be3 Kh7 18.Qd2 Bxc4 19.Bxc4 a6 20.Bf1 Ra8 21.Rab1 b5 22.b4 c4
23.a5 Qe7 24.Bd4 Rad8 25.g3 Qf8 26.Re3 Nd7 27.Bxg7 Qxg7 28.f4 f5 29.exf5 gxf5
30.Bh3 Qf7 31.Rxe8 Nxe8 32.Qe3 Ng7 33.Qa7 Qf6 34.Rc1 Nb8 35.Rc2 Kg6 36.g4 Re8
37.Qg1 fxg4 38.Bxg4 Kh7 39.Qg3 Re7 40.Rg2 Nd7 41.Ne4 Qf7 42.Bf3 Nf6 43.Nxd6 Nfh5
44.Nxf7 Nxg3+ 45.hxg3 Rxf7 46.Rd2 Rd7 47.Bg4 Rd6 48.Bc8 Kg6 49.Kg2 Nh5 50.Kf3 Nf6
51.Bb7  1-0

[Event "1st Chesspangenberg Open"]
[Site "Buenos Aires ARG"]
[Date "2003.11.12"]
[Round "8"]
[White "Lemos,D"]
[Black "Fiori,H"]
[Result "1-0"]
[WhiteElo "2218"]
[BlackElo "2063"]

1.d4 Nf6 2.Nf3 c5 3.d5 e6 4.c4 exd5 5.cxd5 d6 6.Nc3 g6 7.h3 Bg7 8.e4 O-O
9.Bd3 Nh5 10.O-O Nd7 11.Re1 Ne5 12.Be2 Nxf3+ 13.Bxf3 Qh4 14.Bxh5 gxh5 15.Qd2 Bd7
16.Qf4 Qe7 17.Qg3 Kh8 18.Bf4 Be5 19.Bxe5+ Qxe5 20.Qxe5+ dxe5 21.Rad1 Rg8
22.h4 Rg6 23.g3 b5 24.Rc1 Rc8 25.Nd1 Ra6 26.a3 Ra4 27.f3 Rd4 28.Kf2 a5 29.Ne3 Kg7
30.Re2 c4 31.Rec2 Kf6 32.Re2 Ke7 33.Nc2 Rd3 34.Ne1 Rb3 35.Rc3 a4 36.Ke3 Rg8
37.Kf2 Kd6 38.Ng2 Kc5 39.Ne3 f6 40.Rd2 Rd8 41.Kg2 Kd6 42.Kf2 Rg8 43.Re2 Rg7
44.Rd2 Rg8 45.Rdc2 Rc8 46.Nf1 Rc7 47.Nd2 Rxc3 48.bxc3 Rc8 49.Rc1 Rg8 50.Rg1 Rg7
51.Rb1 Kc5 52.Re1 Kd6 53.Rg1 Rg8 54.Nf1 Bh3 55.Ne3 Bd7 56.f4 Rg7 57.f5 Be8
58.g4 h6 59.Rg3 Bf7 60.gxh5 Rxg3 61.Kxg3 Bxh5 62.Nc2 Bd1 63.Nb4 h5 64.Kf2 Bg4  1-0

[Event "Friendship IM"]
[Site "Cartak CZE"]
[Date "2003.11.14"]
[Round "5"]
[White "Obsivac,J"]
[Black "Kanovsky,D"]
[Result "1/2-1/2"]
[WhiteElo "2361"]
[BlackElo "2298"]

1.d4 Nf6 2.c4 c5 3.d5 e6 4.Nc3 exd5 5.cxd5 d6 6.Nf3 g6 7.g3 Bg7 8.Bg2 O-O
9.O-O Nbd7 10.Bf4 Qe7 11.h3 Nh5 12.Bg5 f6 13.Bd2 f5 14.e3 Ne5 15.Nxe5 Bxe5
16.Rb1 Bd7 17.Re1 Rae8 18.b4 c4 19.b5 Nf6 20.f4 Bxc3 21.Bxc3 Ne4 22.Qd4 Nxc3
23.Qxc3 Rc8 24.a4 Rc5 25.Kf2 Qg7 26.Rec1 Ra8 27.Rb4 Qxc3 28.Rxc3 b6 29.Rbxc4 Rxc4
30.Rxc4 Rc8 31.Rxc8+ Bxc8 32.Bf3 h5 33.Bd1 Kf7 34.g4 h4 35.Bf3 Kf6 36.e4 fxe4
37.Bxe4 g5 38.Ke3 Bb7 39.Bg2 Ba8 40.Bf3 Bb7 41.Be4 Bc8 42.Bf5 Bxf5 43.gxf5 Kxf5
44.fxg5 Kxg5 45.Ke4 Kg6 46.Kf4 Kf6 47.Kg4 Ke5 48.Kxh4 Kxd5 49.Kg3 Kc4 50.Kf2 Kb3
51.h4 d5 52.h5 d4 53.h6 d3 54.Ke3 Kc2 55.h7 d2 56.h8=Q d1=Q 57.Qh7+ Kb3 58.Qxa7 Kb4
59.Ke4  1/2-1/2

[Event "TCh-FIN 2003-4"]
[Site "Finland FIN"]
[Date "2003.11.15"]
[Round "4"]
[White "Nevanlinna,R"]
[Black "Kauko,J"]
[Result "1/2-1/2"]
[WhiteElo "2357"]
[BlackElo "2254"]

1.d4 Nf6 2.c4 c5 3.d5 e6 4.Nc3 exd5 5.cxd5 d6 6.Nf3 g6 7.Bf4 a6 8.a4 Bg7
9.Nd2 Nh5 10.Be3 Nd7 11.g3 O-O 12.Bg2 Re8 13.O-O Rb8 14.Nc4 Ne5 15.Nxe5 Rxe5
16.Bd2 b5 17.axb5 axb5 18.e4 b4 19.Ne2 Re8 20.Ra2 Nf6 21.f3 Qb6 22.Kh1 Bb7
23.b3 Ra8 24.Rxa8 Rxa8 25.Qc2 Ba6 26.Be3 Bb5 27.Rd1 Nd7 28.Nc1 Qa6 29.Kg1 c4
30.bxc4 Bxc4 31.Bf1 Bxf1 32.Rxf1 Rc8 33.Qb1 Qa3 34.Bf4 Ne5 35.Kg2 Rc3 36.Bd2 Rc4
37.Nb3 Nd7 38.Qd3 Ne5 39.Qb1 Nd7 40.Qd3 Ne5 41.Qb1  1/2-1/2

[Event "ch-GRE"]
[Site "Aspropyrgos GRE"]
[Date "2003.12.05"]
[Round "7"]
[White "Halkias,S"]
[Black "Papaioannou,I"]
[Result "1/2-1/2"]
[WhiteElo "2546"]
[BlackElo "2577"]

1.d4 Nf6 2.Nf3 e6 3.c4 c5 4.d5 exd5 5.cxd5 d6 6.Nc3 g6 7.e4 a6 8.Bf4 b5 9.Qe2 Be7
10.Qc2 O-O 11.a4 b4 12.Nd1 Re8 13.Bd3 Bg4 14.Nd2 Nh5 15.Bh6 Bxd1 16.Rxd1 Bg5
17.Bxg5 Qxg5 18.O-O Nd7 19.g3 Nf4 20.Nc4 Nxd3 21.Qxd3 Qe7 22.f4 Qxe4 23.Qxe4 Rxe4
24.Nxd6 Re2 25.Rf2 Re3 26.Nc4 Re4 27.b3 Rd8 28.Kg2 Rxc4 29.bxc4 Nb6 30.a5 Nxc4
31.Rc1 Nd6 32.Rxc5 Ne4 33.Rc6 Nxf2 34.Kxf2 Rxd5 35.Rxa6  1/2-1/2

[Event "6th Open"]
[Site "Tanta City EGY"]
[Date "2003.12.07"]
[Round "1"]
[White "Manolache,M"]
[Black "Bengafer,M"]
[Result "1-0"]
[WhiteElo "2457"]
[BlackElo "2280"]

1.d4 Nf6 2.c4 e6 3.Nc3 c5 4.d5 exd5 5.cxd5 d6 6.Nf3 g6 7.Bf4 a6 8.e4 Nh5
9.Bg5 Be7 10.Bh6 Bf8 11.Qd2 Bxh6 12.Qxh6 Qf6 13.Nd2 b5 14.a4 b4 15.Nd1 Nd7
16.g3 Ne5 17.Be2 Ng4 18.Bxg4 Bxg4 19.O-O Bxd1 20.Rfxd1 O-O-O 21.Nc4 Rhe8
22.Qe3 Qe7 23.e5 Qa7 24.Rac1 a5 25.Nxd6+ Rxd6 26.Qxc5+ Qxc5 27.Rxc5+ Kd7
28.exd6 Kxd6 29.Rxa5 Re2 30.Ra6+  1-0

[Event "2nd Subasic Mem"]
[Site "Zenica BIH"]
[Date "2003.12.08"]
[Round "5"]
[White "Zivanic,M"]
[Black "Dumpor,A"]
[Result "1-0"]
[WhiteElo "2436"]
[BlackElo "2364"]

1.d4 Nf6 2.c4 e6 3.Nf3 c5 4.d5 exd5 5.cxd5 d6 6.Nc3 g6 7.h3 Bg7 8.e4 O-O
9.Bd3 a6 10.a4 Nbd7 11.O-O Qc7 12.Bf4 Re8 13.Qd2 Ne5 14.Nxe5 dxe5 15.Be3 Bd7
16.a5 c4 17.Bb6 Qc8 18.Be2 Nh5 19.Bxh5 gxh5 20.f4 exf4 21.Bd4 Be5 22.Rxf4 Qc7
23.Raf1 f5 24.Bxe5 Rxe5 25.exf5 Rae8 26.Qd4 Qxa5 27.Ne4 Qd8 28.f6 Kf7 29.Nd6+ Kf8
30.f7 R8e7 31.Ne4 Qb8 32.d6  1-0

[Event "22nd SEA Games Standard w"]
[Site "Ho Chi Minh City VIE"]
[Date "2003.12.12"]
[Round "7"]
[White "Rasaki,N"]
[Black "Liu Yang"]
[Result "1/2-1/2"]
[WhiteElo "2140"]
[BlackElo "2028"]

1.d4 Nf6 2.Nf3 c5 3.d5 e6 4.c4 exd5 5.cxd5 d6 6.Nc3 g6 7.Bf4 Bg7 8.Qa4+ Bd7
9.Qb3 Qc7 10.Bxd6 Qxd6 11.Qxb7 Bc6 12.dxc6 Qxc6 13.Qxc6+ Nxc6 14.e3 O-O 15.Bb5 Nb4
16.O-O Rab8 17.Bc4 Nd7 18.a3 Nc6 19.Rab1 Nde5 20.Nxe5 Nxe5 21.Be2 Rb3 22.f4 Nd7
23.Bc4 Rb6 24.Na4 Rb7 25.b3 Rc7 26.Rfc1 Re8 27.Kf2 Nf6 28.Kf3 Ne4 29.Rd1 Rce7
30.Rd3 Rc8 31.Rbd1 Bf6 32.Rd8+ Rxd8 33.Rxd8+ Kg7 34.Rd5 h5 35.Nxc5 Nxc5 36.Rxc5 Bb2
37.Ra5 f5 38.b4 Bc1 39.Re5 Rxe5 40.fxe5 Bxa3 41.b5 g5 42.h3 Bb2 43.e6 Kf6
44.g4 fxg4+ 45.hxg4 h4 46.Bd5 Bc1 47.Ke2 Ba3  1/2-1/2

[Event "22nd SEA Games Standard"]
[Site "Ho Chi Minh City VIE"]
[Date "2003.12.12"]
[Round "7"]
[White "Megaranto,S"]
[Black "Adianto,U"]
[Result "0-1"]
[WhiteElo "2437"]
[BlackElo "2581"]

1.d4 Nf6 2.Nf3 c5 3.d5 e6 4.c4 exd5 5.cxd5 d6 6.Nc3 g6 7.e4 Bg7 8.h3 O-O
9.Bd3 b5 10.Nxb5 Nxe4 11.O-O a6 12.Na3 Nf6 13.Nc4 a5 14.Bf4 Ne8 15.Re1 Ba6
16.Qd2 Bxc4 17.Bxc4 a4 18.Bg5 Bf6 19.Qf4 Bxg5 20.Nxg5 Nf6 21.g4 Na6 22.Rad1 Nc7
23.h4 Kg7 24.h5 h6 25.Nf3 Qd7 26.g5 Nxh5 27.gxh6+ Kg8 28.Qg5 Rae8 29.Rxe8 Rxe8
30.Re1 Rxe1+ 31.Nxe1 Ne8 32.Ng2 Nef6 33.Ne3 Qb7 34.b3 axb3 35.Bxb3 Qb4 36.Bc4 Kh7
37.Kg2 Qd2 38.a4 Ne4 39.Qh4 f5 40.Qe7+ Kxh6 41.Qf8+ Kg5 42.Qe7+ Nhf6  0-1

[Event "Christmas Open"]
[Site "Zadar CRO"]
[Date "2003.12.16"]
[Round "3"]
[White "Blagojevic,D"]
[Black "Feletar,D"]
[Result "1/2-1/2"]
[WhiteElo "2521"]
[BlackElo "2406"]

1.d4 Nf6 2.c4 e6 3.Nf3 c5 4.d5 exd5 5.cxd5 d6 6.Nc3 g6 7.h3 Bg7 8.e4 O-O
9.Bd3 b5 10.Bxb5 Nxe4 11.Nxe4 Qa5+ 12.Nfd2 Qxb5 13.Nxd6 Qa6 14.N2c4 Nd7 15.O-O Ne5
16.Nxc8 Raxc8 17.Nxe5 Bxe5 18.Re1 Qf6 19.Qg4 Bd4 20.Re2 h5 21.Qg3 Rfe8 22.Bg5 Qf5
23.Rd2 Re5 24.Bf4 Rxd5 25.Rad1 Rcd8 26.Qf3 R5d7 27.Be3 Qe6 28.b3 Bxe3 29.Rxd7 Rxd7
30.Rxd7 Qxd7 31.Qxe3  1/2-1/2

[Event "Christmas Open"]
[Site "Zadar CRO"]
[Date "2003.12.16"]
[Round "3"]
[White "Gomboc,M"]
[Black "Kosanski,S"]
[Result "0-1"]
[WhiteElo "2144"]
[BlackElo "2373"]

1.d4 Nf6 2.c4 e6 3.Nc3 c5 4.d5 exd5 5.cxd5 d6 6.Nf3 a6 7.a4 g6 8.Nd2 Nbd7
9.e4 Bg7 10.Be2 O-O 11.Nc4 Nb6 12.Na3 Bd7 13.O-O Re8 14.f3 Qc7 15.a5 Nc8
16.Nc4 Bb5 17.Bf4 Bxc4 18.Bxc4 Nd7 19.Qd2 Ne5 20.Be2 Na7 21.Na4 Nb5 22.Nb6 Rad8
23.Rac1 Qe7 24.b4 Nd4 25.Bd1 cxb4 26.Ba4 Nb5 27.Rfd1 Nc3 28.Bxe8 Qxe8 29.Rxc3 bxc3
30.Qxc3 f5 31.Qc7 Nf7 32.exf5 Qe2 33.Rc1 Re8 34.Qc4 Qb2 35.fxg6 hxg6 36.Na4 Qb5
37.Qxb5 axb5 38.Nb6 b4 39.Rb1 Bc3 40.Kf1 g5 41.Bg3 Ne5 42.Ke2 g4 43.fxg4 Nxg4+
44.Kd3 Re3+ 45.Kc4 Re4+ 46.Kb5 Ne5 47.Bxe5 Rxe5 48.Rd1 Re4 49.Nc4 b3 50.Nxd6 Rb4+
51.Kc5 b2 52.Rb1 Ra4 53.Nc4 Ra1 54.Nd2 Rxa5+ 55.Kb6 Bxd2 56.Rxb2 Rxd5 57.Kxb7 Kf7
58.Kc6 Rd8 59.Kc5 Ke6 60.Kc4 Kf5 61.Rb3 Ke4 62.Rb7 Rc8+ 63.Kb5 Bf4 64.h4 Rg8
65.Re7+ Kd5  0-1

[Event "CGT Magistral"]
[Site "Buenos Aires ARG"]
[Date "2003.12.18"]
[Round "8"]
[White "Sorin,A"]
[Black "Rodriguez,JL"]
[Result "1/2-1/2"]
[WhiteElo "2512"]
[BlackElo "2411"]

1.d4 Nf6 2.c4 e6 3.Nf3 c5 4.d5 d6 5.Nc3 exd5 6.cxd5 g6 7.e4 Bg7 8.Bg5 h6
9.Bh4 a6 10.Nd2 b5 11.Be2 O-O 12.Qc2 Re8 13.O-O Nbd7 14.f4 Qc7 15.Rae1 Nh7
16.Kh1 Rb8 17.Nd1 c4 18.b3 c3 19.Nf3 Nhf6 20.Nf2 Nc5 21.Bxf6 Bxf6 22.e5 dxe5
23.Qxc3 b4 24.Qa1 Bg7 25.fxe5 Nd7 26.d6 Qa5 27.Ng4 h5 28.Nf6+ Nxf6 29.exf6 Bf8
30.Bc4 Bb7 31.Ne5 Bd5 32.Qd4 Rb5 33.Nc6 Bxc6 34.Rxe8 Bxe8 35.d7 Qd8 36.Bxb5 axb5
37.dxe8=Q Qxe8 38.Rd1 Qc6 39.Qd8 Qe6 40.h3 Qc6 41.Re1 Qc3 42.Re8 Qc1+ 43.Kh2 Qf4+
44.Kg1 Qc1+ 45.Kf2 Qc2+ 46.Ke3 Qc1+ 47.Qd2 Qc5+ 48.Qd4 Qc1+ 49.Ke2 Qc2+ 50.Kf1 Qb1+
51.Kf2 Qc2+ 52.Kg3 Qc7+ 53.Kh4 Qc6 54.Rxf8+ Kxf8 55.Qd8+ Qe8 56.Qxe8+ Kxe8
57.Kg5 Kd7 58.Kf4 Ke6 59.Ke4 h4 60.Kd4 Kd6 61.Ke4 Ke6 62.Kd4 Kd6  1/2-1/2

[Event "North American Open"]
[Site "Las Vegas USA"]
[Date "2003.12.26"]
[Round "1"]
[White "Moussa,A"]
[Black "Sevillano,E"]
[Result "0-1"]
[WhiteElo "2207"]
[BlackElo "2498"]

1.d4 Nf6 2.c4 c5 3.d5 e6 4.Nc3 exd5 5.cxd5 d6 6.Nf3 g6 7.Bg5 h6 8.Bh4 Bg7
9.Nd2 O-O 10.Nc4 a6 11.a4 Nbd7 12.e4 Nb6 13.Ne3 Bd7 14.Bd3 Re8 15.O-O c4
16.Bc2 Qc7 17.f4 Rab8 18.f5 g5 19.Bf2 Nc8 20.h4 b5 21.axb5 axb5 22.hxg5 hxg5
23.Qf3 b4 24.Ne2 Bb5 25.Rfc1 c3 26.bxc3 Bxe2 27.Qxe2 b3 28.Ra4 bxc2 29.Qxc2 Nb6
30.Rb4 Nbd7 31.Rc4 Nc5  0-1

[Event "12th Donau Open"]
[Site "Aschach GER"]
[Date "2003.12.28"]
[Round "4"]
[White "Krebs,Jo"]
[Black "Zwettler,M"]
[Result "1-0"]
[WhiteElo "2276"]
[BlackElo "2193"]

1.Nf3 e6 2.d4 c5 3.c4 Nf6 4.d5 exd5 5.cxd5 d6 6.Nc3 g6 7.Nd2 Bg7 8.e4 O-O
9.Be2 b6 10.a4 Re8 11.O-O Ba6 12.Bb5 Re7 13.Re1 Bb7 14.Bf1 a6 15.Ra3 Nbd7
16.Rb3 Rb8 17.Nc4 Ne8 18.Bg5 f6 19.Bh4 Bc8 20.f4 Bh6 21.e5 Bxf4 22.e6 Ne5
23.Ne4 g5 24.Bf2 Nxc4 25.Bxc4 Be5 26.Bg3 Bxg3 27.Rxg3 Rg7 28.Rf1 Rg6 29.Bd3 Rh6
30.Qg4 Rb7 31.Bxa6 Rg7 32.Bxc8 Qxc8 33.Rh3 Rxh3 34.Qxh3 Qa8 35.Qb3 Qd8 36.Qb5 Kf8
37.b4 Qc7 38.Nxf6 Nxf6 39.Rxf6+ Ke7 40.Qf1 cxb4  1-0

[Event "Excelsior Cup"]
[Site "Goteborg SWE"]
[Date "2004.01.09"]
[Round "2"]
[White "Hultin,J"]
[Black "Gavrikov,Vi"]
[Result "1/2-1/2"]
[WhiteElo "2300"]
[BlackElo "2565"]

1.d4 Nf6 2.c4 e6 3.Nf3 c5 4.d5 d6 5.Nc3 exd5 6.cxd5 g6 7.e4 Bg7 8.h3 O-O
9.Bd3 a6 10.a4 Qc7 11.O-O Re8 12.Re1 Nbd7 13.Bf4 h6 14.Bh2 Nh7 15.Qc2 b6
16.Rad1 Bb7 17.Nd2 Ne5 18.Be2 g5 19.Nf1 Bc8 20.Ne3 Nf6 21.Rf1 Qe7 22.Bxe5 Qxe5
23.Nc4 Qe7 24.e5 dxe5 25.Nxb6 Ra7 26.d6 Qd8 27.Nxc8 Qxc8 28.Nd5 Nxd5 29.Rxd5 Rd8
30.Rfd1 Bf8 31.Rxc5 Qb8 32.Rc6 Rad7 33.Rxa6 Rxd6 34.Raxd6 Rxd6 35.Rxd6 Bxd6
36.Bc4 Kg7 37.Qf5 Qc7 38.b3 Bb4 39.Kf1 Bc3 40.Ke2 Bb4 41.Qe4 Bc3 42.Qd5 Bb4
43.Kd3 Be1 44.Ke4 Bc3 45.g4 Qe7 46.f3 Qf6 47.Kd3 Bd4 48.Qe4 Qe7 49.Qf5 Bb6
50.Ke4 Bd4 51.a5 Qb7+ 52.Kd3 Qc7 53.b4 Ba1 54.a6 Bd4 55.b5 Bb6 56.Kc3 Qe7
57.Kb3 Qc7 58.Bd5 Bd4 59.Bc4 Bb6 60.Bd5 Bd4 61.Ka4 Bb6 62.Bb3 Qe7 63.Bc4 Qc7
64.Qe4 Qd6 65.Qd5 Qf6 66.Qc6 Qf4 67.Qxb6 Qxc4+  1/2-1/2

[Event "Excelsior Cup"]
[Site "Goteborg SWE"]
[Date "2004.01.09"]
[Round "2"]
[White "Akesson,J"]
[Black "Marin,M"]
[Result "1/2-1/2"]
[WhiteElo "2333"]
[BlackElo "2531"]

1.d4 Nf6 2.Nf3 e6 3.c4 c5 4.d5 d6 5.Nc3 exd5 6.cxd5 g6 7.g3 Bg7 8.Bg2 O-O
9.O-O Re8 10.Bf4 a6 11.a4 Ne4 12.Nxe4 Rxe4 13.Nd2 Rb4 14.Ne4 h6 15.Ra2 f5
16.Nc3 Qf6 17.Qc1 g5 18.Bd2 Bd7 19.Qc2 a5 20.Nd1 Na6 21.Bc3 Qf7 22.Ra1 f4
23.Be4 Rf8 24.Bg6 Qe7 25.Re1 Be5 26.e3 f3 27.Bd3 Rf6 28.e4 Qe8 29.Ne3 Rd4
30.Bb5 Nb4 31.Bxb4 Rxb4 32.Ng4 Rxb2 33.Qd3 Bxb5 34.axb5 Qe7 35.Nxf6+ Qxf6
36.Rxa5 Qf7 37.Ra3 g4 38.Rb3 Ra2 39.Ra3 Rb2 40.Ra8+ Kg7 41.Rb8 Bd4 42.Rf1 Re2
43.b6 Rb2 44.Qa3 Rxb6 45.Qa5 Rb2 46.Qd8 Bxf2+ 47.Kh1 Bd4 48.Qh4 h5 49.Qg5+ Kh7
50.Rd8 Be5 51.Rc8 f2 52.Qf5+ Qxf5 53.exf5 b5 54.Kg2 Ra2 55.Rxf2 Rxf2+ 56.Kxf2 b4
57.Ke2 b3 58.Kd3 Kg7 59.Rb8 b2 60.Kc2 c4 61.Re8 Kf6 62.Rf8+ Kg5 63.Rf7 c3
64.Rh7 Bd4 65.Rd7 Bc5 66.Rh7 Kxf5 67.Re7 Bd4 68.Re2 Kg5 69.Re4 Bg1 70.Re2 h4
71.Rg2 Bd4 72.Re2 Bc5 73.Re6 hxg3 74.hxg3 Kf5 75.Re2 Bd4 76.Kb1 Be5 77.Re3 Kf6
78.Kc2 Kf7 79.Re4 Bxg3 80.Rxg4 Be5 81.Re4 Kf6 82.Re2 Kf5 83.Re1 Kf4 84.Re2 Bd4
85.Re1 Kf3 86.Re6 Bc5 87.Re1 Kf2 88.Re6 Bb4 89.Re4 Bc5 90.Rc4 Ke3 91.Rxc3+ Kd4
92.Rb3 Kxd5 93.Rxb2  1/2-1/2

[Event "TCh-FIN 2003-4"]
[Site "Finland FIN"]
[Date "2004.01.10"]
[Round "6"]
[White "Paldanius,P"]
[Black "Kosmo,S"]
[Result "1-0"]
[WhiteElo "2248"]
[BlackElo "2180"]

1.d4 Nf6 2.c4 c5 3.d5 e6 4.Nc3 exd5 5.cxd5 d6 6.Nf3 g6 7.Bf4 Bg7 8.Qa4+ Bd7
9.Qb3 Qc7 10.e4 O-O 11.Be2 Na6 12.O-O Nh5 13.Be3 Rfc8 14.Nd2 Nf6 15.Nc4 Ne8
16.Bf4 Rab8 17.a4 Nb4 18.Nb5 Bxb5 19.axb5 a6 20.b6 Qe7 21.Bd3 Qf6 22.Bg3 Ra8
23.Rad1 Rd8 24.Bb1 Qe7 25.f4 f6 26.e5 fxe5 27.fxe5 dxe5 28.Nxe5 Nd6 29.Nc6 Qd7
30.Nxd8 Qxd8 31.Qf3 Qxb6 32.Bxd6 Qxd6 33.Qf7+ Kh8 34.b3 Bd4+ 35.Kh1 Nxd5
36.Rfe1 b5 37.Be4 Rd8 38.Bxd5 Qxd5 39.Re8+ Rxe8 40.Qxd5  1-0

[Event "TCh-BEL 2003-4"]
[Site "Belgium BEL"]
[Date "2004.01.18"]
[Round "7"]
[White "De Haan,E"]
[Black "Lacroix,B"]
[Result "1-0"]
[WhiteElo "2264"]
[BlackElo "2137"]

1.d4 Nf6 2.c4 c5 3.d5 e6 4.Nf3 d6 5.Nc3 exd5 6.cxd5 g6 7.Bf4 a6 8.e4 b5 9.Qe2 Be7
10.e5 dxe5 11.Bxe5 Nbd7 12.Bg3 O-O 13.d6 Re8 14.dxe7 Rxe7 15.Ne5 Nxe5 16.Bxe5 Bg4
17.f3 Qe8 18.Bxf6 Rxe2+ 19.Bxe2 Bf5 20.Nd5 Qe6 21.Rd1 Rb8 22.Kf2 h5 23.Rhe1 Kh7
24.Bxb5 Qc8 25.Re8 Qb7 26.Bc6  1-0

[Event "OSS January It"]
[Site "Oslo NOR"]
[Date "2004.02.01"]
[Round "9"]
[White "Kuljasevic,D"]
[Black "Dannevig,O"]
[Result "1-0"]
[WhiteElo "2413"]
[BlackElo "2369"]

1.d4 Nf6 2.Nf3 c5 3.d5 e6 4.c4 d6 5.Nc3 exd5 6.cxd5 g6 7.Nd2 a6 8.a4 Nbd7
9.e4 Bg7 10.Be2 O-O 11.O-O Re8 12.f4 Rb8 13.Kh1 h5 14.Qc2 Qe7 15.e5 dxe5
16.Nc4 e4 17.f5 b5 18.axb5 axb5 19.Na5 Ne5 20.fxg6 fxg6 21.Bg5 Bf5 22.Bxb5 Rf8
23.Nc6 Nxc6 24.dxc6 Qe6 25.c7 Rb7 26.Ra6 Qf7 27.Bxf6 Bxf6 28.Nxe4 Rxb5 29.Rxf6 Qxc7
30.Qc4+  1-0

[Event "TCh-CZE Extraliga 2003-4"]
[Site "Czech Rep CZE"]
[Date "2004.02.08"]
[Round "7"]
[White "Timoscenko,G"]
[Black "Simacek,P"]
[Result "1-0"]
[WhiteElo "2501"]
[BlackElo "2442"]

1.d4 Nf6 2.c4 c5 3.d5 e6 4.Nc3 exd5 5.cxd5 d6 6.Nf3 g6 7.Nd2 Bg7 8.e4 O-O
9.Be2 Re8 10.O-O Na6 11.Re1 Nc7 12.a4 b6 13.h3 Rb8 14.Bb5 Re7 15.Nf3 a6 16.Bc6 Nce8
17.e5 dxe5 18.Nxe5 Nh5 19.Nc4 Nd6 20.Nxd6 Qxd6 21.Rxe7 Qxe7 22.g4 Bxc3 23.bxc3 Qe4
24.gxh5 Bxh3 25.f3 Qe5 26.f4 Qe4 27.Ra2 gxh5 28.Qe2 Qg6+ 29.Kh2 Bg4 30.Qe5 Rd8
31.Qg5 Qxg5 32.fxg5 b5 33.axb5 axb5 34.Kg3 b4 35.c4  1-0

[Event "Oxford Uni vs Wales"]
[Site "Oxford ENG"]
[Date "2004.02.15"]
[Round "1"]
[White "Cobb,J"]
[Black "Palliser,R"]
[Result "0-1"]
[WhiteElo "2321"]
[BlackElo "2399"]

1.d4 Nf6 2.Nf3 c5 3.d5 e6 4.c4 d6 5.Nc3 exd5 6.cxd5 g6 7.g3 Bg7 8.Bg2 O-O
9.O-O a6 10.a4 Nbd7 11.h3 Re8 12.Nd2 Rb8 13.a5 b5 14.axb6 Nxb6 15.Nb3 Nc4
16.Ra2 Rb4 17.Re1 Nh5 18.Nd2 Ne5 19.Nf3 Nxf3+ 20.exf3 Rd4 21.Rxe8+ Qxe8 22.Qf1 Nf6
23.Be3 Rb4 24.Qc1 Bb7 25.f4 h5 26.Qd2 Qb8 27.Bf3 Bc8 28.Kh2 Bf5 29.Qe2 c4
30.Bc1 Qc8 31.Qe7 Bxh3 32.Qxd6 Ng4+ 33.Kg1 Bxc3 34.bxc3 Rb1 35.Qa3 Qc5 36.Bxg4 Qxa3  0-1

[Event "ch-CZE junior"]
[Site "Karlovy Vary CZE"]
[Date "2004.02.22"]
[Round "5"]
[White "Cifka,S"]
[Black "Kanovsky,D"]
[Result "1-0"]
[WhiteElo "2266"]
[BlackElo "2302"]

1.d4 Nf6 2.c4 c5 3.d5 e6 4.Nc3 exd5 5.cxd5 d6 6.Nf3 g6 7.Nd2 Bg7 8.e4 O-O
9.Be2 Na6 10.O-O Nc7 11.a4 Re8 12.Re1 Rb8 13.f3 Nh5 14.Nc4 b6 15.Nb5 Nxb5
16.axb5 Rb7 17.g4 Bd4+ 18.Kh1 f5 19.gxh5 Qh4 20.Be3 Bxe3 21.Nxe3 fxe4 22.Ng2 Qf6
23.fxe4 Rxe4 24.Bd3 Bg4 25.Qc2 Rxe1+ 26.Rxe1 gxh5 27.Rf1 Bf3 28.Qf2 Rf7 29.Be4  1-0

[Event "ch-CZE w"]
[Site "Karlovy Vary CZE"]
[Date "2004.02.23"]
[Round "4"]
[White "Cedikova,K"]
[Black "Kulovana,E"]
[Result "1-0"]
[WhiteElo "2216"]
[BlackElo "2113"]

1.d4 Nf6 2.c4 c5 3.d5 e6 4.Nc3 exd5 5.cxd5 d6 6.Nf3 g6 7.Nd2 Bg7 8.e4 O-O
9.Be2 b6 10.O-O Ba6 11.Nb5 Bxb5 12.Bxb5 a6 13.Be2 Nbd7 14.a4 Qe7 15.f3 Ne8
16.Nc4 f5 17.exf5 Bd4+ 18.Kh1 Rxf5 19.f4 Nef6 20.g4 Rxd5 21.Bf3 Ne4 22.Ne3 Ndf6
23.Nxd5 Nxd5 24.Qb3 Qe6 25.Bd2 Re8 26.Rae1 Ndf6 27.Qxe6+ Rxe6 28.g5 Nxd2
29.Rxe6 Nxf1 30.gxf6 Ne3 31.Rxd6 b5 32.axb5 axb5 33.b4 Kf7 34.Bd5+ Nxd5 35.Rxd5 Bxf6
36.bxc5 Ke6 37.c6 Kxd5 38.c7 b4 39.c8=Q Bc3 40.Kg2 Ke4 41.Qb7+ Kd3 42.Qxh7 b3
43.Qxg6+ Kd2 44.Qb1 b2 45.Kg3 Ke3 46.Kg4 Kd4 47.Kf5 Kd5 48.Qd3+  1-0

[Event "5th Montenegro Open"]
[Site "Sozina SCG"]
[Date "2004.02.23"]
[Round "6"]
[White "Kizov,A"]
[Black "Petrisor,A"]
[Result "1-0"]
[WhiteElo "2345"]
[BlackElo "2028"]

1.d4 Nf6 2.c4 e6 3.Nf3 c5 4.d5 exd5 5.cxd5 d6 6.Nc3 g6 7.h3 Bg7 8.e4 O-O
9.Bg5 h6 10.Be3 Nbd7 11.Bd3 a6 12.a4 Rb8 13.O-O b5 14.axb5 axb5 15.Nxb5 Nxe4
16.Na7 Qe8 17.Nxc8 Rxc8 18.Re1 f5 19.Nd2 Kh7 20.Bxe4 fxe4 21.Nc4 Be5 22.Ra6 Qe7
23.Qd2 g5 24.Ra7 Rf7 25.Qc2 Kg8 26.Kh1 Bg7 27.Rea1 Rd8 28.R1a6 Rf6 29.Qa4 g4
30.hxg4 Rg6 31.g3 Qf7 32.Qd1 Bf8 33.Kg1 Qf3 34.Qxf3 exf3 35.Bf4 Rxg4 36.Ra8 Rxa8
37.Rxa8 Kf7 38.Ra3 Kg6 39.Ne3  1-0

[Event "1st Balagne Open"]
[Site "Calvi FRA"]
[Date "2004.02.26"]
[Round "7"]
[White "Koziak,V"]
[Black "Vasilev,M"]
[Result "1/2-1/2"]
[WhiteElo "2448"]
[BlackElo "2424"]

1.d4 Nf6 2.Nf3 e6 3.c4 c5 4.d5 exd5 5.cxd5 d6 6.Nc3 g6 7.e4 Bg7 8.h3 O-O
9.Bd3 Na6 10.O-O Nc7 11.Rb1 b5 12.a3 b4 13.axb4 cxb4 14.Ne2 Re8 15.Bg5 Na6
16.Ng3 Nc5 17.Re1 h6 18.Bf4 a5 19.b3 Ba6 20.Bc2 a4 21.bxa4 b3 22.Rxb3 Nxb3
23.Bxb3 Qb6 24.a5 Qb4 25.Ba4 Rec8 26.Bc6 Ra7 27.Bd2 Qc4 28.Bf4 Rd8 29.Be3 Re7
30.Bb6 Rc8 31.e5 Nd7 32.exd6 Rxe1+ 33.Qxe1 Bb5 34.Bxb5 Qxb5 35.Bc7 Qxd5 36.Qe4 Qxe4
37.Nxe4 Kf8 38.Nfd2 Ke8 39.Nc4 Ra8 40.Ne3 f5 41.Nd2 Ra6 42.Kf1 Rc6 43.Ke2 Bd4
44.Nd5 Rc5 45.Ne7 Rc3 46.Nxg6 Nc5 47.Nf3 Bf6 48.Nf4 Rc2+ 49.Ke3 Rc3+ 50.Ke2 Rc2+
51.Ke3 Rc3+ 52.Ke2 Rc2+ 53.Ke3  1/2-1/2

[Event "ch-CZE junior"]
[Site "Karlovy Vary CZE"]
[Date "2004.02.26"]
[Round "10"]
[White "Studnicka,T"]
[Black "Kanovsky,D"]
[Result "0-1"]
[WhiteElo "2334"]
[BlackElo "2302"]

1.d4 Nf6 2.c4 c5 3.d5 e6 4.Nc3 exd5 5.cxd5 d6 6.Nf3 g6 7.e4 Bg7 8.h3 O-O
9.Bd3 a6 10.a4 Nbd7 11.O-O Ne8 12.Bg5 f6 13.Bh4 b6 14.Nd2 Ne5 15.Be2 g5 16.Bg3 f5
17.exf5 Bxf5 18.Nc4 Nxc4 19.Bxc4 Nf6 20.Re1 Kh8 21.Qf3 Bg6 22.Qe2 Nh5 23.Kh2 Nxg3
24.fxg3 Be5 25.Bxa6 g4 26.Bd3 gxh3 27.Bxg6 Qg5 28.Ne4 Qxg6 29.gxh3 Rae8 30.Ra3 Qf5
31.Qg2 Re7 32.Rb3 h5 33.h4 Qg4 34.Qh3 Bd4 35.Qxg4 hxg4 36.Rxb6 Rfe8 37.a5 Rxe4
38.Rxe4 Rxe4 39.a6 Re2+ 40.Kh1 Re1+ 41.Kg2 Rg1+ 42.Kh2 Ra1 43.Rxd6 Kg7 44.h5 Bxb2
45.Rc6 Kf7 46.Rc7+ Kf6 47.a7 Be5 48.Rc6+ Kf5 49.Rxc5 Ra2+ 50.Kg1  0-1

[Event "11th Metalis Open"]
[Site "Bizovac CRO"]
[Date "2004.02.27"]
[Round "3"]
[White "Kuljasevic,D"]
[Black "Vernacki,S"]
[Result "1/2-1/2"]
[WhiteElo "2413"]
[BlackElo "2142"]

1.d4 Nf6 2.Nf3 e6 3.c4 c5 4.d5 exd5 5.cxd5 d6 6.Nc3 g6 7.Nd2 Bg7 8.e4 O-O
9.Be2 Re8 10.O-O Na6 11.f3 Nc7 12.a4 b6 13.Nc4 Ba6 14.Bg5 Qd7 15.Qd2 Bxc4
16.Bxc4 a6 17.Qd3 h6 18.Bd2 Qc8 19.Rae1 Nd7 20.f4 Rb8 21.e5 b5 22.axb5 axb5
23.Nxb5 Nxb5 24.Bxb5 dxe5 25.fxe5 Nxe5 26.Qe2 Rd8 27.Ba6 Qg4 28.Bxh6 Rxd5
29.Qxg4 Nxg4 30.Bxg7 Kxg7 31.Bc4 Rd7 32.h3  1/2-1/2

[Event "ch-PER"]
[Site "Lima PER"]
[Date "2004.03.07"]
[Round "3.2"]
[White "Samame Castillo,J"]
[Black "Iturry,M"]
[Result "1/2-1/2"]
[WhiteElo "2229"]
[BlackElo "2222"]

1.Nf3 Nf6 2.d4 c5 3.d5 e6 4.c4 exd5 5.cxd5 d6 6.Nc3 g6 7.g3 Bg7 8.Bg2 O-O
9.O-O Re8 10.Bf4 a6 11.a4 h6 12.h3 g5 13.Bc1 Nbd7 14.h4 g4 15.Nd2 Rb8 16.Nc4 Ne5
17.Nxe5 Rxe5 18.Bf4 Re8 19.Qd2 Kh7 20.Qc2+ Kg8 21.Qd2  1/2-1/2